000 01938cam a2200169 4500500
005 20260222001641.0
041 _afre
042 _adc
100 1 0 _aForget-Moulineuf, Sarah
_eauthor
700 1 0 _aGrandgeorge, Marine
_eauthor
245 0 0 _aThe impact of animals on self-centered behaviors of Alzheimer’s patients
260 _c2026.
500 _a63
520 _aRecent research shows that animal-assisted interventions (AAIs) have a positive impact on the quality of life of older people with Alzheimer’s disease in institutional settings. However, none of these studies specifically address self-centered behaviors, which are difficult for both caregivers and family members to understand. The objective of this study, based on two clinical cases, was to examine the effects of an animal-assisted intervention on self-centered behaviors in older people with Alzheimer’s disease. Our results showed that dogs elicited verbal and non-verbal communication in these individuals in a distinct and complementary way, as already documented in the literature. In addition, by stimulating cognitive, motor, and affective abilities, and by motivating older people with dementia, the presence of a dog was able to reduce or even eliminate self-centered behaviors, even in the context of advanced Alzheimer’s disease. In practice, these findings may help shift caregivers’ and family members’ perceptions of patients, as the presence of a dog can lead them to behave more appropriately and cooperatively, and to engage in activities they would otherwise refuse. This shared caregiver–patient experience may support the development of targeted IAAs focusing on self-centered behaviors and sustained communication.
786 0 _nGérontologie et société | 47/ 178 | 3 | 2026-01-05 | p. 129-149 | 0151-0193
856 4 1 _uhttps://shs.cairn.info/journal-gerontologie-et-societe-2025-3-page-129?lang=en&redirect-ssocas=7080
999 _c1664541
_d1664541